000 00472nam a2200181Ia 4500
001 11622
005 20260306162841.0
008 260306t2016||||xx |||||||||||||| ||spa||
041 _aESP
082 _a985.4092
_bF96
110 _aFundación de la familia Corrales Nieves Lazarte
245 0 _aMaría Nieves y Bustamante :
_bobra periodística
260 _c2016
300 _a507 páginas :
_c23 cm.
650 _aGEN
654 _aCHU
942 _cLIB
_dJUS
_fJUS
_2ddc
_n
999 _c11622
_d11622